Logos That Start With C - Statistics

General Stats
  • This quiz has been taken 82 times
  • The average score is 9 of 16
Answer Stats
Picture Answer % Correct
Chrome
97%
Calvin Klein
74%
Chevrolet
74%
Coca-Cola
72%
Chanel
70%
Cheetos
69%
Costco
66%
Cadillac
59%
Crocs
57%
Chick-fil-A
55%
Chipotle
47%
Cisco
42%
Corvette
38%
Cane's
32%
Capri Sun
15%
Callaway
8%
No matching quizzes found
Score Distribution
Percent of People with Each Score
Percentile by Number Answered
Your Score History
You have not taken this quiz